00341nam a2200121Ia 450000500170000000800460001703700180006304000200008104100130010108400090011424500250012326000710014820250507130018.0008 250505s9999 xx 000 0 eng d aBound Volumes aEASLbengcEASL aeng2eng qEASL 0aNews Review on China aIndiabNew Delhi Institute of Defence Studies Analyses Indiac0000